Rafael Pichardo : (Registro nro. 12647)

Detalles MARC
000 -LIDER
fixed length control field 00906nam a22002537a 4500
003 - IDENTIFICACDOR DE NÚMERO DE CONTROL
control field DO-SdBNP
005 - DATE AND TIME OF LATEST TRANSACTION
control field 20210820101153.0
008 - ELEMENTOS DE LONGITUD FIJA
fixed length control field 161031b 2013 dr a | 00| 0 spa d
020 ## - ISBN
International Standard Book Number 9789945408751
040 ## - FUENTE DE CATALOGACIÓN
Agencia que crea de manera original el registro BPMSU
Idioma de catalogación spa
Agencia que realiza la transcripción BPMSU
082 ## - NÚMERO DE CLASIFICACIÓN DECIMAL DE DEWEY
Classification number 926.1
Item number P592P 2013
Edition number 22
100 1# - ASIENTO PRINCIPAL -- NOMBRE PERSONAL
Nombre personal Pimentel Muñoz, José
Fechas asociadas con el nombre 1965-
245 10 - MENCIÓN DE TITULO
Título Rafael Pichardo :
Subtítulo cardiólogo, investigador y maestro /
Mención de responsabilidad José Pimentel Muñoz
260 ## - PUBLICACIÓN, DISTRIBUCIÓN, ETC. (PIE DE IMPRENTA)
Lugar de publicación, distribución, etc Santo Domingo :
Nombre del editor, distribuidor, etc. Argos,
Fecha de publicación, distribución, etc 2013.
300 ## - DESCRIPCIÓN FÍSICA
Extensión 199 p. :
Otros detalles físicos il. ;
Dimensiones 24 cm.
500 ## - NOTA GENERAL
Nota general Incluye datos biográficos del autor en la solapa de la cubierta
500 ## - NOTA GENERAL
Nota general Incluye referencias bibliográficas y notas a pie de las páginas.
590 ## - NOTA LOCAL
Enlace Inventariado, 2021/VM
600 1# - ENCABEZAMIENTO DE MATERIA--NOMBRE PERSONAL
Nombre personal Pichardo, Rafael
Fechas asociadas con el nombre 1941-
Títulos u otras palabras asociadas con el nombre Cardiólogo
650 #4 - ENCABEZAMIENTO DE MATERIA--TEMÁTICO
Término temático o nombre geográfico como elemento de entrada Investigación de enfermedades cardíacas.
Enlace
910 ## - VALIDACIÓN
Validación VMateo V.
942 ## - ADDED ENTRY ELEMENTS (KOHA)
Source of classification or shelving scheme Dewey Decimal Classification
Koha item type Libros
945 ## - INFORMACIÓN DE PROCESAMIENTO LOCAL
Información de procesamiento local Inventariado, 2021/VM
Existencias
Withdrawn status Lost status Source of classification or shelving scheme Damaged status Not for loan Collection code Home library Current library Date acquired Source of acquisition Total Checkouts Full call number Barcode Date last seen Price effective from Koha item type Copy number
    Dewey Decimal Classification     Colección Dominicana Biblioteca Pública Metropolitana Salomé Ureña Biblioteca Pública Metropolitana Salomé Ureña 10/20/2017 Alba Sánchez y Baez   BPMSU CD 926.1 P592P 2013 BPMSU17100084 10/20/2017 10/20/2017 Libros  
    Dewey Decimal Classification     Colección Dominicana Biblioteca Pública Metropolitana Salomé Ureña Biblioteca Pública Metropolitana Salomé Ureña 02/18/2021 BNPHU   BPMSU CD 926.1 P592P 2013 BPMSU21080070 02/18/2021 02/18/2021 Libros e.2
    Dewey Decimal Classification     Colección Dominicana Biblioteca Pública Metropolitana Salomé Ureña Biblioteca Pública Metropolitana Salomé Ureña 02/18/2021 BNPHU   BPMSU CD 926.1 P592P 2013 BPMSU21080071 08/20/2021 02/18/2021 Libros e.3